12. konferencia podunajských štátov o hydrologických predpovediach materiály konferencie : Bratislava 21.-24. august 1984

Enregistré dans:
Détails bibliographiques
Format: Livre
Langue:slovaque
Publié: Bratislava Výskumný ústav vodného hospodárstva 1984
Tags: Ajouter un tag
Pas de tags, Soyez le premier à ajouter un tag!

MARC

LEADER 00000nam a2200000 4500
001 c110642
005 20041019155147.4
041 0 |a slo 
044 |a SK 
245 1 0 |a 12. konferencia podunajských štátov o hydrologických predpovediach  |b materiály konferencie : Bratislava 21.-24. august 1984 
264 1 |a Bratislava  |b Výskumný ústav vodného hospodárstva  |c 1984 
300 |a 34 zošitov  |e 1 vol. l.